[Event "World Rapid 2025"]
[Site "Doha QAT"]
[Date "2025.12.26"]
[Round "3.94"]
[White "Galaviz Medina, Sion Radamantys"]
[Black "Warmerdam, Max"]
[Result "1-0"]
[WhiteTitle "IM"]
[BlackTitle "GM"]
[WhiteElo "2514"]
[BlackElo "2573"]
[WhiteFideId "5123119"]
[BlackFideId "1048104"]
[EventDate "2025.12.26"]
[EventType "rapid"]

1. d4 d5 2. c4 e6 3. Nc3 Nf6 4. cxd5 exd5 5. Bg5 c6 6. e3 h6 7. Bh4 Be7 8. Bd3
O-O 9. Nge2 Re8 10. O-O a5 11. Qc2 Nbd7 12. Rad1 b5 13. a4 b4 14. Nb1 Qb6 15.
Nd2 Ba6 16. Nb3 Bf8 17. Rc1 Ne4 18. Bg3 Rac8 19. Nf4 Bb7 20. Rfd1 c5 21. dxc5
Ndxc5 22. Nxc5 Rxc5 23. Qb1 d4 24. Rxc5 Bxc5 25. Bb5 Rd8 26. exd4 Bxd4 27. Nd3
Ba8 28. Qc2 Nxg3 29. hxg3 Qb7 30. Ne1 Rc8 31. Qe2 Qb6 32. Nf3 Bf6 33. b3 g6 34.
Bc4 1-0

[Event "World Rapid 2025"]
[Site "Doha QAT"]
[Date "2025.12.26"]
[Round "3.95"]
[White "Vokhidov, Shamsiddin"]
[Black "Nurgaliyev, Sauat"]
[Result "1-0"]
[WhiteTitle "GM"]
[BlackTitle "IM"]
[WhiteElo "2641"]
[BlackElo "2437"]
[WhiteFideId "14204223"]
[BlackFideId "13726285"]
[EventDate "2025.12.26"]
[EventType "rapid"]

1. e4 c5 2. Nf3 d6 3. d4 cxd4 4. Nxd4 Nf6 5. Nc3 a6 6. Bg5 Nbd7 7. a3 e6 8. Bc4
Qb6 9. Be3 Qa5 10. Qd2 Be7 11. f3 Ne5 12. Ba2 Bd7 13. g4 Rc8 14. g5 Nh5 15.
O-O-O O-O 16. Kb1 Qc7 17. f4 Nc4 18. Bxc4 Qxc4 19. f5 d5 20. Nde2 exf5 21. b3
Qc6 22. Nxd5 Bxa3 23. Nd4 Qg6 24. Qa5 Bd6 25. exf5 Bxf5 26. Nxf5 Kh8 27. Rhf1
Rfe8 28. Bd4 Bf8 29. Rf2 Qc6 30. Nh6 b5 31. Bb2 Qg6 32. Nxf7+ Kg8 33. Qd2 Rc6
34. Ne5 Rxe5 35. Bxe5 Qe4 36. Rdf1 Qd4 1-0

[Event "World Rapid 2025"]
[Site "Doha QAT"]
[Date "2025.12.26"]
[Round "3.96"]
[White "Siddharth, Jagadeesh"]
[Black "Grebnev, Aleksey"]
[Result "1-0"]
[WhiteTitle "GM"]
[BlackTitle "GM"]
[WhiteElo "2489"]
[BlackElo "2632"]
[WhiteFideId "5818320"]
[BlackFideId "34189030"]
[EventDate "2025.12.26"]
[EventType "rapid"]

1. c4 e5 2. g3 Nf6 3. Bg2 d5 4. cxd5 Nxd5 5. Nc3 Nb6 6. Nf3 Nc6 7. O-O Be7 8. b3
O-O 9. Bb2 Be6 10. Rc1 f5 11. e4 Qd7 12. Re1 f4 13. Ne2 Bg4 14. gxf4 exf4 15. d4
Bf6 16. b4 Bxf3 17. Bxf3 Kh8 18. Qb3 Ne7 19. Kh1 Bh4 20. Rf1 Ng6 21. Rc5 Na4 22.
Rh5 Nxb2 23. Rg1 Bxf2 24. Rxg6 Bxd4 25. Bg4 Qd8 26. Qh3 Rf7 27. Rxh7+ 1-0

[Event "World Rapid 2025"]
[Site "Doha QAT"]
[Date "2025.12.26"]
[Round "3.97"]
[White "Anand, Tsogtbileg"]
[Black "Wojtaszek, Radoslaw"]
[Result "0-1"]
[WhiteTitle "CM"]
[BlackTitle "GM"]
[WhiteElo "1968"]
[BlackElo "2667"]
[WhiteFideId "4926552"]
[BlackFideId "1118358"]
[EventDate "2025.12.26"]
[EventType "rapid"]

1. e4 e5 2. Nf3 Nc6 3. Bb5 a6 4. Bxc6 dxc6 5. O-O Bd6 6. d4 exd4 7. Qxd4 f6 8.
Be3 Ne7 9. Nbd2 Be6 10. Qc3 Qd7 11. Rfd1 Ng6 12. Nc4 Bxc4 13. Qxc4 O-O-O 14. b4
Qe7 15. c3 Rhe8 16. Rd4 Qe6 17. Qe2 Ne5 18. Nxe5 Bxe5 19. Rxd8+ Rxd8 20. Rc1 g5
21. c4 Bd4 22. f3 c5 23. bxc5 Qc6 24. Bxd4 Rxd4 25. h3 Qxc5 26. Kh1 h5 27. Rb1
Rxc4 28. Qb2 Qc6 29. Rd1 b5 30. e5 fxe5 31. a4 g4 32. axb5 axb5 33. Qa3 gxf3 34.
gxf3 Rc3 35. Qf8+ Kb7 36. Rf1 e4 37. Qb4 exf3 38. Rb1 f2+ 39. Kh2 f1=Q 40. Rxf1
Rc2+ 41. Kg3 Qg2+ 42. Kh4 Rc4+ 0-1

[Event "World Rapid 2025"]
[Site "Doha QAT"]
[Date "2025.12.26"]
[Round "3.98"]
[White "Naiditsch, Arkadij"]
[Black "Chasin, Nico"]
[Result "1-0"]
[WhiteTitle "GM"]
[BlackTitle "IM"]
[WhiteElo "2574"]
[BlackElo "2517"]
[WhiteFideId "4650891"]
[BlackFideId "30908477"]
[EventDate "2025.12.26"]
[EventType "rapid"]

1. e4 c5 2. Nf3 e6 3. c3 Nf6 4. e5 Nd5 5. d4 cxd4 6. cxd4 b6 7. Bd2 Ba6 8. Nc3
Nxc3 9. Bxc3 Bxf1 10. Kxf1 d5 11. exd6 Bxd6 12. d5 O-O 13. Qd4 e5 14. Nxe5 f6
15. Nf3 Na6 16. h4 Nc7 17. Rd1 Qc8 18. a4 Qa6+ 19. Kg1 Rad8 20. h5 Bc5 21. Qg4
Rf7 22. h6 g6 23. Nh4 Qc8 24. Qe4 Qd7 25. Nxg6 Re8 26. Qd3 Qg4 27. Nh4 Re2 28.
Rf1 Rd7 29. Rh3 Rxd5 30. Rg3 Rxd3 31. Rxg4+ Kf8 32. Bxf6 Nd5 33. Bg7+ Ke8 34.
Nf3 Rxf2 35. Re4+ Kf7 36. Rxf2 1-0

[Event "World Rapid 2025"]
[Site "Doha QAT"]
[Date "2025.12.26"]
[Round "3.99"]
[White "Davtyan, Artur"]
[Black "Yilmaz, Mustafa"]
[Result "1-0"]
[WhiteTitle "IM"]
[BlackTitle "GM"]
[WhiteElo "2474"]
[BlackElo "2595"]
[WhiteFideId "13308327"]
[BlackFideId "6302718"]
[EventDate "2025.12.26"]
[EventType "rapid"]

1. e4 c5 2. Nc3 d6 3. d4 cxd4 4. Qxd4 Nc6 5. Qd2 e6 6. b3 Nf6 7. Bb2 d5 8. exd5
exd5 9. O-O-O Be6 10. Nge2 Qa5 11. Kb1 O-O-O 12. f3 d4 13. Ne4 Bb4 14. Qg5 Nd5
15. Qxg7 Rhg8 16. Qh6 Nc3+ 17. N2xc3 dxc3 18. Rxd8+ Rxd8 19. Bc1 Bf8 20. Qe3 Bg7
21. Qc5 Qc7 22. Bc4 Qd7 23. Bf4 Be5 24. Bxe6 fxe6 25. Qe3 Bd4 26. Qd3 e5 27. Bg5
Rh8 28. Nxc3 Kb8 29. Ne4 Nb4 30. Qd2 Nd5 31. c4 Nc7 32. Bf6 Re8 33. Rd1 Qc6 34.
Qb4 Rg8 35. g4 Ne8 36. Bxe5+ Bxe5 37. Rd8+ Qc8 38. Rxc8+ Kxc8 39. Qe7 1-0

[Event "World Rapid 2025"]
[Site "Doha QAT"]
[Date "2025.12.26"]
[Round "3.100"]
[White "Rakotomaharo, Fy Antenaina"]
[Black "Idani, Pouya"]
[Result "0-1"]
[WhiteTitle "IM"]
[BlackTitle "GM"]
[WhiteElo "2434"]
[BlackElo "2611"]
[WhiteFideId "13100050"]
[BlackFideId "12510130"]
[EventDate "2025.12.26"]
[EventType "rapid"]

1. e4 c5 2. a4 d6 3. Bb5+ Nd7 4. f4 e6 5. Nf3 a6 6. Be2 b6 7. d3 Bb7 8. c4 Ne7
9. Nc3 Nc6 10. Be3 Be7 11. O-O O-O 12. Qd2 Nf6 13. h3 d5 14. e5 d4 15. exf6 Bxf6
16. Bf2 dxc3 17. bxc3 Qc7 18. Rab1 Rfd8 19. Qb2 Qxf4 20. Qxb6 Rd7 21. Qxc5 Rc8
22. Qe3 Qxe3 23. Bxe3 Bxc3 24. Rb3 Bf6 25. Rfb1 Ba8 26. Rb6 a5 27. R6b5 h6 28.
Kf2 Bc3 29. R5b3 Bb4 30. d4 f6 31. g4 Ne7 32. Rxb4 axb4 33. Rxb4 Bc6 34. Bd1 Rb7
35. Rxb7 Bxb7 36. Nd2 Ra8 37. Nb1 Nc6 38. Nc3 Rd8 39. Nb5 Nxd4 40. Bxd4 e5 41.
Ke3 exd4+ 42. Nxd4 Kf7 43. Bb3 g6 44. Nb5 Bc6 45. c5+ Ke7 46. Nd4 Bd5 47. Bc2
Kf7 48. Nb5 g5 49. Nd6+ Ke7 50. Nf5+ Kd7 51. h4 Be6 52. hxg5 hxg5 53. Kd4 Kc7+
54. Nd6 Bxg4 55. Be4 Bd7 56. a5 Bc6 57. Bf5 Ra8 58. Nc4 Bb5 59. Nb6 Rd8+ 60. Kc3
Kc6 61. Be4+ Kxc5 62. Bf5 Rd4 63. Na8 Rf4 64. Be6 Rf3+ 0-1

[Event "World Rapid 2025"]
[Site "Doha QAT"]
[Date "2025.12.26"]
[Round "3.101"]
[White "Ibarra Jerez, Jose Carlos"]
[Black "Ibrahimli, Murad"]
[Result "1-0"]
[WhiteTitle "GM"]
[BlackTitle "IM"]
[WhiteElo "2532"]
[BlackElo "2438"]
[WhiteFideId "2226332"]
[BlackFideId "13410229"]
[EventDate "2025.12.26"]
[EventType "rapid"]

1. e4 c5 2. Nf3 d6 3. d4 cxd4 4. Nxd4 Nf6 5. Nc3 a6 6. Be3 e5 7. Nf3 Qc7 8. a4
h6 9. a5 Be6 10. Be2 Be7 11. Nd5 Bxd5 12. exd5 Nbd7 13. O-O O-O 14. c4 b6 15. b4
Rfb8 16. axb6 Nxb6 17. Nd2 Bd8 18. Bd3 Nbd7 19. Qa4 Ng4 20. Ne4 Nxe3 21. fxe3
Be7 22. c5 dxc5 23. d6 Bxd6 24. Qa2 Rf8 25. Qd5 c4 26. Nxd6 cxd3 27. Rxf7 Kh8
28. Raf1 Rab8 29. Qxd3 Qa7 30. R1f3 Qc7 31. Qg6 Rg8 32. Rxd7 1-0

[Event "World Rapid 2025"]
[Site "Doha QAT"]
[Date "2025.12.26"]
[Round "3.102"]
[White "Ohanyan, Emin"]
[Black "Mendonca, Leon Luke"]
[Result "0-1"]
[WhiteTitle "GM"]
[BlackTitle "GM"]
[WhiteElo "2493"]
[BlackElo "2615"]
[WhiteFideId "13312022"]
[BlackFideId "35028561"]
[EventDate "2025.12.26"]
[EventType "rapid"]

1. d4 Nf6 2. Nf3 e6 3. c4 b6 4. g3 Bb7 5. Bg2 Be7 6. Nc3 Ne4 7. Bd2 d6 8. d5
Nxd2 9. Nxd2 e5 10. b4 Nd7 11. e4 c5 12. dxc6 Bxc6 13. O-O O-O 14. Nd5 Bg5 15.
h4 Bh6 16. Nf3 Nf6 17. Nxf6+ Qxf6 18. Nh2 Bd7 19. c5 bxc5 20. bxc5 Bb5 21. Qxd6
Bxf1 22. Bxf1 Qxd6 23. cxd6 Bd2 24. Nf3 Bb4 25. d7 Rfd8 26. Rd1 f6 27. h5 Rab8
28. Nh4 Bc5 29. Rd5 Be7 30. Bh3 Kf7 31. Bf5 Rb7 32. Kg2 Rc7 33. Rd2 Bc5 34. Rd5
Bb6 35. Rd2 Ke7 36. Re2 Rc3 37. Kh3 Bd4 38. Kg4 a5 39. f4 a4 40. Bxh7 Rxd7 41.
Nf5+ Kd8 42. Bg8 a3 43. Bd5 Rdc7 44. Rd2 Be3 45. Rd1 Kc8 46. Be6+ Kb7 47. Nd6+
Ka6 48. Nf5 exf4 49. gxf4 Bc1 50. Rd6+ Ka5 51. Rd5+ Ka6 52. Rd6+ Ka5 53. Nd4 Bb2
54. Nb3+ Kb5 55. Nd4+ Ka5 56. Rd8 Re3 57. Nb3+ Kb4 58. Kf5 Kc3 59. Nd4 Rc5+ 60.
Kg6 Rxe4 61. Kxg7 Rxd4 62. Rxd4 Kxd4 63. f5 Ke4 64. Kg6 Bc1 65. Kxf6 Rc2 66. Bb3
Rh2 67. Kg6 Rg2+ 68. Kf6 Rh2 69. Ke6 Rxh5 70. f6 Re5+ 71. Kd7 Bh6 72. f7 Bf8 73.
Kc6 Kd4 74. Kb6 Re3 75. Ba4 0-1

[Event "World Rapid 2025"]
[Site "Doha QAT"]
[Date "2025.12.26"]
[Round "3.103"]
[White "Murshed, Niaz"]
[Black "Gaehwiler, Gabriel"]
[Result "1/2-1/2"]
[WhiteTitle "GM"]
[BlackTitle "IM"]
[WhiteElo "2341"]
[BlackElo "2382"]
[WhiteFideId "10200010"]
[BlackFideId "1314530"]
[EventDate "2025.12.26"]
[EventType "rapid"]

1. d4 Nf6 2. c4 g6 3. Nf3 Bg7 4. g3 b6 5. Bg2 Bb7 6. O-O O-O 7. Nc3 Ne4 8. Nd5
e6 9. Nf4 d5 10. cxd5 exd5 11. Nd3 c5 12. dxc5 bxc5 13. Nd2 Nxd2 14. Bxd2 Nd7
15. Bc3 Qb6 16. Bxg7 Kxg7 17. Qc2 Rac8 18. Rfd1 d4 19. Bxb7 Qxb7 20. Rac1 Rfe8
21. Nf4 Ne5 22. Qd2 Qe4 23. Nd3 Nd7 24. Rc2 c4 25. Nf4 Ne5 26. f3 Qf5 27. g4
Nxg4 28. fxg4 Qxg4+ 29. Ng2 Re4 30. Rf1 Rce8 31. Rf4 Qxe2 32. Rxe4 Qxd2 33. Rxd2
Rxe4 34. Kf2 c3 35. bxc3 dxc3 36. Rc2 Ra4 37. Ne3 f5 38. Nd5 Rh4 39. Ke3 Kf7 40.
Nxc3 Ke6 41. Kf3 Rc4 42. Re2+ Kd7 43. Nd5 Kd6 44. Nf6 Rc3+ 45. Kg2 h5 46. Nh7
Rc4 47. h3 Ra4 48. Ng5 Kd5 49. Nf3 Ra3 50. Nh4 f4 51. Nf3 g5 52. Re5+ Kd6 53.
Rxg5 Rxa2+ 54. Kf1 Ra3 55. Ke2 Ra2+ 56. Kd3 Ra3+ 57. Ke4 Ra4+ 58. Nd4 f3 59.
Rd5+ Kc7 60. Rf5 Kd6 61. Rxf3 Kc5 62. Rf5+ Kc4 63. Rxh5 Ra1 64. Nf3 a5 65. Rh8
a4 66. Rc8+ Kb4 67. Nd4 Rh1 68. Rh8 Kc4 69. Nc2 Kb3 70. Kd3 Rd1+ 71. Ke2 Rh1 72.
Nd4+ Kc4 73. Nf3 a3 74. Rc8+ Kd5 75. Rd8+ Kc5 76. Ra8 Rxh3 77. Rxa3 Rh8 78. Rc3+
Kd5 79. Kd3 Rf8 80. Nd2 Rf4 81. Rc8 Rd4+ 82. Ke3 Ra4 83. Rd8+ Ke5 84. Nf3+ Ke6
85. Nd4+ Ke5 86. Re8+ Kd5 87. Rd8+ Ke5 88. Nc6+ Ke6 89. Rd3 Rc4 90. Nd4+ Ke5 91.
Nf3+ Ke6 92. Ng5+ Ke5 93. Nf7+ Ke6 94. Nd6 Ra4 95. Nb5 Rc4 96. Rd6+ Ke5 97. Rh6
Re4+ 98. Kd3 Rg4 99. Rh5+ Kf4 100. Nd4 Rg3+ 101. Kc4 Rg8 102. Rh4+ Rg4 103. Rh1
Rg8 104. Rf1+ Ke4 105. Re1+ Kf4 106. Ne6+ Kf3 107. Kd3 Kf2 108. Re2+ Kf3 109.
Re5 Ra8 110. Rf5+ Kg4 111. Rf4+ Kg3 112. Rf6 Kg4 113. Ke4 Ra4+ 114. Nd4 Ra5 115.
Rf4+ Kg5 116. Nf3+ Kg6 117. Ne5+ Kg7 118. Rf7+ Kg8 119. Rb7 Ra1 120. Ng4 Kf8
121. Ke5 Ke8 122. Nf6+ Kd8 123. Nd5 Ra6 124. Nb6 Ke8 125. Kf6 Kd8 126. Ke6 Ra1
127. Rd7+ Ke8 128. Re7+ Kd8 129. Rh7 Re1+ 130. Kd6 Ke8 131. Nd5 Kf8 132. Nf4 Kg8
133. Ra7 Re4 134. Nh5 Kf8 135. Ra1 1/2-1/2

[Event "World Rapid 2025"]
[Site "Doha QAT"]
[Date "2025.12.26"]
[Round "3.104"]
[White "Sapenov, Daniyal"]
[Black "Zhang, Zhong"]
[Result "1-0"]
[WhiteTitle "IM"]
[BlackTitle "GM"]
[WhiteElo "2440"]
[BlackElo "2561"]
[WhiteFideId "13728911"]
[BlackFideId "8600694"]
[EventDate "2025.12.26"]
[EventType "rapid"]

1. e4 e5 2. Nf3 Nc6 3. Bb5 Nd4 4. Nxd4 exd4 5. O-O Bc5 6. d3 c6 7. Ba4 Ne7 8. c3
O-O 9. Nd2 Bb6 10. cxd4 Bxd4 11. Nf3 Bb6 12. h3 d5 13. Re1 h6 14. Bf4 Ng6 15.
Bg3 Be6 16. Qc2 Qf6 17. e5 Qe7 18. d4 Qd7 19. Re2 Bf5 20. Qc3 a5 21. Rae1 Rfe8
22. Bc2 a4 23. Rd1 Ba5 24. Qa3 Bxc2 25. Rxc2 Bd8 26. Qd3 Ne7 27. Nh4 g5 28. Nf3
Qf5 29. Qe2 Ng6 30. Nh2 h5 31. Rc3 h4 32. Ng4 Qe6 33. Rf3 Kh7 34. Nf6+ Kh6 35.
Nxe8 Qxe8 36. Bh2 Qe6 37. Qc2 Be7 38. b3 axb3 39. Rxb3 b5 40. Rc3 Ra6 41. a3
Bxa3 42. Ra1 b4 43. Rf3 Kg7 44. Rf6 Qe8 45. f4 gxf4 46. Bxf4 Rb6 47. Qb3 Rb7 48.
Rxa3 bxa3 49. Qxb7 a2 50. Qa7 1-0

[Event "World Rapid 2025"]
[Site "Doha QAT"]
[Date "2025.12.26"]
[Round "3.105"]
[White "Halkias, Stelios"]
[Black "Sharan, Rao"]
[Result "0-1"]
[WhiteTitle "GM"]
[BlackTitle "IM"]
[WhiteElo "2503"]
[BlackElo "2341"]
[WhiteFideId "4201809"]
[BlackFideId "5073464"]
[EventDate "2025.12.26"]
[EventType "rapid"]

1. Nf3 Nf6 2. c4 e6 3. g3 d5 4. d4 Be7 5. Bg2 Ne4 6. O-O f5 7. Qc2 Nc6 8. b3 h5
9. Nc3 Bf6 10. Rd1 h4 11. Bb2 Nb4 12. Qc1 c6 13. a3 Na6 14. Ne5 hxg3 15. hxg3
Bd7 16. Nxe4 fxe4 17. Qf4 g5 18. Qg4 Qe7 19. Rac1 O-O-O 20. f3 Bxe5 21. dxe5
exf3 22. exf3 Kb8 23. b4 Be8 24. Kf2 Bh5 25. Qd4 Rhf8 26. c5 Rf7 27. Rh1 Bg6 28.
Rc3 Rdf8 29. Kg1 Nc7 30. a4 Ne8 31. Rh6 Bb1 32. b5 Ng7 33. Qd1 Ba2 34. g4 Bc4
35. bxc6 bxc6 36. Rf6 Ne8 37. Rxf7 Rxf7 38. Ba3 Qc7 39. Qe1 Kc8 40. Rc1 Rf4 41.
Rb1 Bd3 42. Rb3 Bc2 43. Rb2 Bxa4 44. Bb4 Bb5 45. Bd2 Rc4 46. Bf1 Rxc5 47. Bb4
Qb6 48. Bxc5 Qxc5+ 49. Qf2 Qxf2+ 50. Kxf2 a6 51. Bxb5 axb5 52. f4 gxf4 53. Kf3
Kc7 54. g5 Kb6 55. g6 c5 56. Rh2 b4 57. Rh7 b3 58. Re7 Ng7 59. Rxg7 b2 60. Rg8
Ka7 61. g7 b1=Q 62. Ra8+ Kxa8 63. g8=Q+ Ka7 64. Qf7+ Kb6 65. Qxe6+ Kb5 66. Qe8+
Kc4 67. Qa4+ Kd3 68. Qa3+ Kd4 69. e6 Qe4+ 70. Kf2 Qxe6 71. Qb2+ Ke4 72. Qe2+ Kf5
73. Qh5+ Kf6 74. Qh6+ Ke5 75. Qh8+ Ke4 76. Qh7+ Kd4 77. Qg7+ Kc4 78. Qb2 Qe3+
79. Kg2 Qg3+ 80. Kh1 Qf3+ 81. Kh2 Qg3+ 82. Kh1 Qe1+ 83. Kg2 Qe4+ 84. Kh2 Qh7+
85. Kg2 Qg6+ 86. Kh2 Qh5+ 87. Kg2 f3+ 88. Kg3 Qg5+ 89. Kxf3 Qf5+ 90. Kg3 Qd3+
91. Kh2 d4 92. Qa2+ Qb3 93. Qe2+ Kb4 94. Qa6 Kc3 95. Kg3 c4 96. Kf4 d3 97. Ke3
Kc2 98. Qg6 Qc3 99. Qf5 Kb2 100. Qb5+ Kc1 101. Qa4 d2+ 102. Ke2 Qe5+ 103. Kf2
d1=Q 0-1

[Event "World Rapid 2025"]
[Site "Doha QAT"]
[Date "2025.12.26"]
[Round "3.106"]
[White "Drygalov, Sergey"]
[Black "Ammar, Sedrani"]
[Result "1-0"]
[WhiteTitle "GM"]
[BlackTitle "FM"]
[WhiteElo "2571"]
[BlackElo "2203"]
[WhiteFideId "24171743"]
[BlackFideId "9312331"]
[EventDate "2025.12.26"]
[EventType "rapid"]

1. d4 d5 2. c4 e6 3. Nf3 Nf6 4. Nc3 Be7 5. Bf4 O-O 6. e3 a6 7. cxd5 exd5 8. h3
Bd6 9. Bxd6 Qxd6 10. Bd3 Nbd7 11. O-O Re8 12. Qc2 c6 13. Rfe1 Nf8 14. Rab1 a5
15. a3 Ng6 16. b4 axb4 17. axb4 Bd7 18. b5 Ra3 19. bxc6 bxc6 20. Ra1 Rea8 21.
Rxa3 Rxa3 22. Rb1 Nf8 23. Ne5 g6 24. Na4 Kg7 25. Nc5 Ne6 26. Qb2 Ra7 27. Qc3
Nxc5 28. dxc5 Qe7 29. Rb6 Rc7 30. Rb8 h5 31. Qd4 Be8 32. Rb6 Kg8 33. Rb8 Nd7 34.
Nxd7 Rxd7 35. Qf4 Kg7 36. Qd4+ Kg8 37. Qa1 Rd8 38. Rxd8 Qxd8 39. Qe5 Qc8 40. Qf6
Qe6 41. Qxe6 fxe6 42. f4 Kg7 43. h4 Kf6 44. Kf2 e5 45. g3 Bf7 46. Ke2 exf4 47.
gxf4 Be6 48. Kd2 Bf5 49. Bf1 Bd7 50. Kc3 Bf5 51. Kb4 Be4 52. Kc3 Bf5 53. Kd4 Bc8
54. Bg2 Bf5 55. Bf1 Bc8 56. Kc3 Bf5 57. Bg2 Be4 58. Bh3 Bf5 59. Bf1 Bc8 60. Kb4
Bf5 61. Ka5 Be4 62. Bh3 Bf3 63. Kb6 Bh1 64. Bd7 Bf3 65. Bxc6 Kf5 66. Bd7+ Ke4
67. c6 1-0

[Event "World Rapid 2025"]
[Site "Doha QAT"]
[Date "2025.12.26"]
[Round "3.107"]
[White "Cunha, Lucas Aguiar"]
[Black "Vetokhin, Savva"]
[Result "0-1"]
[WhiteTitle "FM"]
[BlackTitle "GM"]
[WhiteElo "2263"]
[BlackElo "2572"]
[WhiteFideId "2125404"]
[BlackFideId "44144474"]
[EventDate "2025.12.26"]
[EventType "rapid"]

1. e4 e5 2. Nf3 Nc6 3. Nc3 Nf6 4. Bb5 Nd4 5. Ba4 Bd6 6. d3 c6 7. O-O b5 8. Bb3
a5 9. Nxd4 exd4 10. e5 Bxe5 11. Re1 d6 12. f4 O-O 13. fxe5 dxe5 14. a4 dxc3 15.
bxc3 Bg4 16. Qd2 Re8 17. Qg5 h6 18. Qh4 Be6 19. Bxe6 Rxe6 20. c4 bxc4 21. Qxc4
Qd5 22. Qc3 e4 23. Bb2 e3 24. Qd4 Rae8 25. Qxd5 Nxd5 26. c4 Nb4 27. Rad1 c5 28.
Re2 Nc6 29. Rde1 Nb4 30. Rd1 Rd8 31. d4 Re4 32. d5 Rxc4 33. Rxe3 Rxd5 34. Rf1
Rc2 35. Bc1 Nd3 36. Re8+ Kh7 37. Be3 f6 38. Rb1 Re2 39. Kf1 Ra2 40. Rb7 Rf5+ 0-1

[Event "World Rapid 2025"]
[Site "Doha QAT"]
[Date "2025.12.26"]
[Round "3.108"]
[White "Rodrigue-Lemieux, Shawn"]
[Black "Rami, Talab"]
[Result "1-0"]
[WhiteTitle "GM"]
[WhiteElo "2517"]
[BlackElo "2173"]
[WhiteFideId "2620049"]
[BlackFideId "7609787"]
[EventDate "2025.12.26"]
[EventType "rapid"]

1. c4 e6 2. g3 Nf6 3. Bg2 d5 4. Nf3 Be7 5. O-O O-O 6. b3 Nbd7 7. Bb2 b6 8. e3
Bb7 9. Nc3 c5 10. Ne1 Qc7 11. f4 dxc4 12. bxc4 Bxg2 13. Kxg2 Rad8 14. Qf3 Nb8
15. d3 Nc6 16. Rd1 Rd7 17. g4 Rfd8 18. Rf2 Nb4 19. Rfd2 Qb7 20. g5 Qxf3+ 21.
Kxf3 Ne8 22. a3 Nc6 23. h4 Nd6 24. Ne4 Nxe4 25. Kxe4 f5+ 26. Kf3 Bd6 27. Ng2 e5
28. h5 Bc7 29. Bc3 Rxd3 30. Rxd3 Rxd3 31. Rxd3 e4+ 32. Ke2 exd3+ 33. Kxd3 g6 34.
h6 Kf7 35. e4 Ne7 36. Bf6 fxe4+ 37. Kxe4 Nf5 38. Kd5 Bd6 39. a4 Bb8 40. Kc6 Ke6
41. Kb7 Bd6 42. Kxa7 Bc7 43. Kb7 Kd7 44. Be5 Bd8 45. Bb8 Ne7 46. Nh4 Nc6 47.
Nxg6 Na5+ 48. Ka6 Nxc4 49. Ne5+ Nxe5 50. Bxe5 Ke6 51. g6 Bf6 52. Bxf6 Kxf6 53.
gxh7 1-0

[Event "World Rapid 2025"]
[Site "Doha QAT"]
[Date "2025.12.26"]
[Round "3.109"]
[White "Suyarov, Mukhammadzokhid"]
[Black "Fates, Omer Salah"]
[Result "1-0"]
[WhiteTitle "IM"]
[WhiteElo "2454"]
[BlackElo "2079"]
[WhiteFideId "14210495"]
[BlackFideId "9212035"]
[EventDate "2025.12.26"]
[EventType "rapid"]

1. e4 e6 2. d4 d5 3. Nc3 Nf6 4. e5 Nfd7 5. Nce2 c5 6. c3 Nc6 7. Nf3 Be7 8. a3 a6
9. Nf4 b5 10. h4 Bb7 11. Bd3 cxd4 12. cxd4 Rc8 13. Be3 Nb6 14. b3 h6 15. Kf1 Kd7
16. g4 Qf8 17. a4 b4 18. a5 Na8 19. Kg2 Nc7 20. Qd2 Ne8 21. h5 Bd8 22. Ra4 Nc7
23. Be2 Nb5 24. Bxb5 axb5 25. Ra2 Nxa5 26. Qe2 Bc6 27. Rb1 Bb6 28. Bd2 Ra8 29.
Qe1 Nb7 30. Rc2 Ba5 31. Rbc1 Ra6 32. Qe2 Nd8 33. Nd3 Nb7 34. Qe1 g6 35. Bxb4 Qd8
36. Bxa5 Qxa5 37. Qxa5 Rxa5 38. Rxc6 Nd8 39. Rd6+ Ke8 40. Rc8 Ke7 41. hxg6 fxg6
42. Nf4 Rg8 43. Nxe6 1-0

[Event "World Rapid 2025"]
[Site "Doha QAT"]
[Date "2025.12.26"]
[Round "3.110"]
[White "Al Hosani, Omran"]
[Black "Nikitenko, Mihail"]
[Result "0-1"]
[WhiteTitle "IM"]
[BlackTitle "GM"]
[WhiteElo "2340"]
[BlackElo "2476"]
[WhiteFideId "9308733"]
[BlackFideId "13506862"]
[EventDate "2025.12.26"]
[EventType "rapid"]

1. d4 e6 2. c4 b6 3. Nc3 Bb7 4. e4 Bb4 5. d5 e5 6. Nf3 Bxc3+ 7. bxc3 d6 8. c5
bxc5 9. Rb1 Bc8 10. Qa4+ Kf8 11. Bd3 Ne7 12. O-O Nd7 13. c4 Nb6 14. Qc2 Ng6 15.
Bg5 f6 16. Be3 Kf7 17. Rfc1 Bd7 18. Qd2 a5 19. g3 a4 20. Ne1 Rf8 21. f4 exf4 22.
gxf4 Kg8 23. Nf3 Qe7 24. Re1 Rae8 25. Qf2 Qf7 26. Qg3 Bc8 27. h4 Ne7 28. f5 Kh8
29. Kf2 g6 30. Rxb6 cxb6 31. Qxd6 b5 32. Bxc5 bxc4 33. Bxc4 gxf5 34. e5 f4 35.
e6 Qg6 36. Qxf4 Nxd5 37. Qc1 Ne7 38. Bb5 Bb7 39. Bxe8 Qf5 40. Re3 Rxe8 41. Bxe7
Rxe7 42. Qb2 Bc6 43. Qb4 Re8 44. e7 Kg7 45. Qd6 Bd5 46. Qb4 Bc6 47. Qd6 Bd5 48.
Qb4 Bxa2 49. Qxa4 Bf7 50. Ke1 Bh5 51. Nd4 Qb1+ 52. Kf2 Kh8 53. Qc6 Qg6 54. Ke1
Qg7 55. Qd6 Qg1+ 56. Kd2 Qf2+ 57. Ne2 Qxh4 58. Ng3 Bg6 59. Rf3 Qg5+ 60. Ke1 Kg7
61. Qd7 Qe5+ 62. Kf2 Rxe7 63. Qd2 h5 64. Rf4 Rc7 65. Rd4 Rc2 66. Rd7+ Kf8 67.
Rd8+ Ke7 0-1

[Event "World Rapid 2025"]
[Site "Doha QAT"]
[Date "2025.12.26"]
[Round "3.111"]
[White "Stribuk, Artiom"]
[Black "Alhassadi, Yousef A."]
[Result "1-0"]
[WhiteTitle "IM"]
[BlackTitle "FM"]
[WhiteElo "2476"]
[BlackElo "2098"]
[WhiteFideId "13515659"]
[BlackFideId "9204725"]
[EventDate "2025.12.26"]
[EventType "rapid"]

1. c4 e5 2. g3 Nf6 3. Bg2 c6 4. Nf3 e4 5. Nd4 Qb6 6. Nb3 a5 7. d3 a4 8. N3d2 Bc5
9. O-O e3 10. fxe3 Bxe3+ 11. Kh1 Ng4 12. Ne4 O-O 13. Nbc3 d5 14. cxd5 Bxc1 15.
Qxc1 Ne3 16. dxc6 Nxc6 17. Rf4 Nxg2 18. Kxg2 Qd8 19. Qe3 a3 20. Rb1 Ra5 21. bxa3
f5 22. Nd2 Qf6 23. Nb5 Bd7 24. Nc4 Re8 25. Qf2 Ra4 26. Nbd6 Rf8 27. Rxb7 Be6 28.
Qc5 Ne7 29. Ne4 1-0

[Event "World Rapid 2025"]
[Site "Doha QAT"]
[Date "2025.12.26"]
[Round "3.112"]
[White "Phuyal, Aashish"]
[Black "Shogdzhiev, Roman"]
[Result "0-1"]
[BlackTitle "IM"]
[WhiteElo "1955"]
[BlackElo "2403"]
[WhiteFideId "12312649"]
[BlackFideId "55653537"]
[EventDate "2025.12.26"]
[EventType "rapid"]

1. e4 e5 2. Nf3 Nc6 3. Bb5 a6 4. Ba4 Nf6 5. d3 b5 6. Bb3 Bc5 7. O-O d6 8. c3 O-O
9. Bg5 h6 10. Bh4 g5 11. Nxg5 hxg5 12. Bxg5 Kg7 13. Qf3 Rh8 14. Nd2 Bb6 15. Rfe1
Kg6 16. h4 Qe7 17. Bd5 Bd7 18. Nf1 Rag8 19. Ne3 Nd8 20. Nf5 Bxf5 21. Qxf5+ Kg7
22. h5 Rh7 23. h6+ Rxh6 24. d4 Rh5 25. g4 Rgh8 0-1